Čtvrteční klub amatérských detektivů / (Záznam č. 34169)

Podrobnosti MARC
000 -Návěští
Řídící pole kódované 24B 01698nam a2200337 i 4500
001 - Kontrolní číslo
Řídící pole proměnné nkc20253705688
003 - Identifikátor kontrolního čísla
Řídící pole proměnné CZ PrSKC
005 - Datum posledního zpracování
Řídící pole 16B 20260415092516.0
007 - Pole pevné délky pro fyzický popis
Řídící pole kódované ta
008 - Údaje pevné délky
Řídící pole kódované 40B 250825s2025 xr g 000 f cze
020 ## - ISBN
ISBN 9788027612758
040 ## - Zdroj katalogizace-agentura
Agentura původní katalogizace ABG001
Jazyk katalogizace cze
Použitá pravidla popisu rda
041 1# - Kód jazyka
Kód jazyka textu/zvuku, mezititulků cze
Kód jazyka originálu eng
072 #7 - Kód předmětové kategorie - Konspekt
Předmětová kategorie 821.111-3
Zpřesnění předmětové kategorie Anglická próza, anglicky psaná
Zdroj předmětové klasifikace Konspekt
080 ## - MDT
Klasifikační znak MDT 821.111-31
Idetifikátor vydání MDT MRF
080 ## - MDT
Klasifikační znak MDT (0:82-312.4)
Idetifikátor vydání MDT MRF
100 1# - Hlavní záhlaví - osobní jméno autora
Osobní jméno Osman, Richard,
Datumy související se jménem 1970-
Kód role aut
9 (RLIN) 16834
240 10 - Unifikovaný název
Unifikovaný název <a href="Thursday murder club.">Thursday murder club.</a>
Jazyk díla Česky
245 10 - Údaje o názvu
Název Čtvrteční klub amatérských detektivů /
Údaj o odpovědností, atd. Richard Osman ; z anglického originálu The Thursday murder club ... přeložila Eva Brožová
250 ## - Údaje o vydání
Označení vydání Vydání druhé, v nakladatelství Slovart první
264 #1 - Nakladatelské údaje
Místo vydání Praha :
Nakladatel Slovart,
Rok vydání 2025
300 ## - Fyzický popis
Rozsah 390 stran ;
Rozměry 22 cm
520 2# - Anotace
Anotace, atd. Úsměvně laděná detektivka britského autora představuje neobvyklou čtveřici pátračů.
Rozšířený text anotace V poklidné vesnici pro penzisty se jednou týdně scházejí čtyři přátelé, aby vyšetřili nevyřešené vraždy. Když je však místní developer nalezen mrtev, „Čtvrteční klub amatérských detektivů“ se ocitne uprostřed svého prvního skutečného případu. Čtveřici přátel, Elizabeth, Joyce, Ibrahimovi a Ronovi, možná táhne na osmdesát, ale pořád ještě mají pár es v rukávu. Dokáže naše velice neobvyklá, ale důvtipná partička chytit zabijáka, dřív než bude pozdě? Nakladatelská anotace.
655 #7 - Rejstříkový termín - žánr/forma
Žánr/forma či základní termín anglické romány
655 #7 - Rejstříkový termín - žánr/forma
Žánr/forma či základní termín detektivní romány
655 #9 - Rejstříkový termín - žánr/forma
Žánr/forma či základní termín English fiction
655 #9 - Rejstříkový termín - žánr/forma
Žánr/forma či základní termín detective novels
700 1# - Vedlejší záhlaví - osobní jméno autora
Osobní jméno Brožová, Eva
Kód role trl
9 (RLIN) 837
910 ## - Údaje o vlastníkovi jednotky (exempláře)
Sigla vlastníka jednotky ABG508
Jednotky
Stav ztráty Zdroj klasifikace pro skladování Stav poškození
  Universal Decimal Classification  

Používáme knihovní systém Koha